| 000 | 00474nam a2200169Ia 4500 | ||
|---|---|---|---|
| 008 | 230917s9999||||xx |||||||||||||| ||und|| | ||
| 020 | _cUSD85 | ||
| 040 |
_e229504 _aMAIN |
||
| 041 | _aEnglish | ||
| 082 | _a519.5 P939E | ||
| 100 | _aPrivitera, Gregory J | ||
| 245 | 0 | _aEssential statistics for the behaviourial science | |
| 260 |
_aLondon _bSage Publications _c2016 |
||
| 300 | _axxxv, 534 p. | ||
| 500 | _a2201 04/12/2015 KB15/208 10/12/2015 Main Budget | ||
| 942 | _cBK | ||
| 999 |
_c16805 _d16805 |
||